|
|
|
|
| LEADER |
00000nab#a22000007a#4500 |
| 001 |
arbauad035058 |
| 003 |
AR-BaUAD |
| 005 |
20250711112803.0 |
| 008 |
990203|||||||||###||||||b###|0###a|spa|| |
| 040 |
|
|
|a AR-BaUAD
|c AR-BaUAD
|b spa
|
| 100 |
|
|
|a Fernández Pedraza, Francia
|
| 245 |
|
|
|a Francia 98 /
|c Francia Fernández Pedraza;
|
| 300 |
0 |
|
|b fot., il.
|
| 653 |
|
|
|a FRANCIA
|
| 653 |
|
|
|a MUNDIAL 1998
|
| 653 |
|
|
|a MARKETING
|
| 653 |
|
|
|a PUBLICIDAD
|
| 653 |
|
|
|a SPONSORS
|
| 653 |
|
|
|a AUDIENCIA
|
| 773 |
0 |
|
|t TARGET
|g no. 8 [mar. 1998], p. 56-64
|
| 942 |
|
|
|c ARTI
|
| 952 |
|
|
|0 0
|1 0
|4 0
|7 0
|9 79977
|a AR-BAuAD
|b AR-BAuAD
|d 2025-07-11
|l 0
|p AAQA035058
|r 2025-07-11 11:28:03
|w 2025-07-11
|y ARTI
|
| 990 |
|
|
|a DG199
|b TD
|
| 990 |
|
|
|a S199
|b TD
|
| 998 |
|
|
|a AAQ
|b BIBUN76
|
| 999 |
|
|
|c 59650
|d 59650
|